Diets, malnutrion and disease : (Record no. 89999)
[ view plain ]
| 000 -LEADER | |
|---|---|
| fixed length control field | 00712nam a22002177a 4500 |
| 005 - DATE AND TIME OF LATEST TRANSACTION | |
| control field | 20141121115411.0 |
| 010 ## - LCCN (DPL NO) | |
| LC control number | ENG-111208 |
| 020 ## - INTERNATIONAL STANDARD BOOK NUMBER | |
| International Standard Book Number | 9780198099215 |
| Terms of availability | 895.00 |
| 035 ## - SYSTEM CONTROL NUMBER | |
| System control number | EN-94740 |
| 037 ## - SOURCE OF ACQUISITION | |
| Source of stock number/acquisition | DBAD/PUB |
| 082 ## - DEWEY DECIMAL CLASSIFICATION NUMBER | |
| Classification number | 613.2 |
| 245 ## - TITLE STATEMENT | |
| Title | Diets, malnutrion and disease : |
| Remainder of title | the Indian experience / |
| Statement of responsibility, etc | edited by Raghav Gaiha , Raghbendra Jha [and] Vani S. Kulkarni |
| 260 ## - PUBLICATION, DISTRIBUTION, ETC. (IMPRINT) | |
| Place of publication, distribution, etc | New Delhi |
| Name of publisher, distributor, etc | Oxford University Press |
| Date of publication, distribution, etc | 2014 |
| 270 ## - ADDRESS | |
| Address | YMCA Library building, 1 Jai Singh Road |
| City | New Delhi |
| Postal code | 110001 |
| 300 ## - PHYSICAL DESCRIPTION | |
| Extent | xxiii,280p. |
| Dimensions | 23cm(Hb) |
| 500 ## - GENERAL NOTE | |
| General note | Includes index |
| 700 ## - ADDED ENTRY--PERSONAL NAME | |
| Personal name | Gaiha, Raghav |
| 700 ## - ADDED ENTRY--PERSONAL NAME | |
| Personal name | Jha, Raghbendra |
| 700 ## - ADDED ENTRY--PERSONAL NAME | |
| Personal name | Kulkarni, Vani S. |
| 942 ## - ADDED ENTRY ELEMENTS (KOHA) | |
| Source of classification or shelving scheme | Dewey Decimal Classification |
| Item type | English Books |
| Call number suffix | DIE |
| Classification part | 613.2 |
| Withdrawn status | Lost status | Not for loan | Collection code | Home library | Current library | Date acquired | Source of acquisition | Cost, normal purchase price | Full call number | Barcode | Copy number | Cost, replacement price | Koha item type |
|---|---|---|---|---|---|---|---|---|---|---|---|---|---|
| Not For Loan | Non-fiction | D.B.Act.Division | D.B.Act.Division | 13/11/2014 | DBAD/PUB | 895.00 | 613.2 DIE | EN-94740 | 1 | 895.00 | English Books |
